Activate B1 : Students' book

Skills-based course focuses on themes from contemporary teen culture

Spremljeno u:
Bibliografski detalji
Glavni autor: Barraclough, Carolyn
Format: Knjiga
Jezik:Undetermined
Izdano: Harlow Pearson 2010
Teme:
Oznake: Dodaj oznaku
Bez oznaka, Budi prvi tko označuje ovaj zapis!
Thư viện lưu trữ: Trung tâm Học liệu Trường Đại học Cần Thơ
LEADER 00629nam a2200217Ia 4500
001 CTU_197172
008 210402s9999 xx 000 0 und d
020 |c 263000 
082 |a 428.0076 
082 |b B268 
100 |a Barraclough, Carolyn 
245 0 |a Activate B1 : 
245 0 |b Students' book 
245 0 |c Carolyn Barraclough, Suzanne Gaynor 
260 |a Harlow 
260 |b Pearson 
260 |c 2010 
520 |a Skills-based course focuses on themes from contemporary teen culture 
650 |a English language,Tiếng Anh 
904 |i Nguyên 
980 |a Trung tâm Học liệu Trường Đại học Cần Thơ